000 00740nam a2200217Ii 4500
003 JO-AjNU
008 230605s9999||||xx |||||||||||||| ||und||
017 _a2002/16795
020 _a977-01-8197-8
040 _aJO-AjNU
_bara
_erda
_cJO-AjNU
041 _aara
050 1 4 _aPJ862.S42 2002
100 3 _aتاليف السروجي،خالد,
_eauthor
_914780
245 0 0 _aابتسامة الوجة الشاحب: قصص خالد السروجي
264 3 1 _aالقاهرة: الهيئة المصرية العامة للكتاب، 2002
300 _a143ص
336 _atext
_btxt
_2rdacontent
337 _aunmediated
_bn
_2rdamedia
338 _avolume
_bnc
_2rdacarrier
650 4 _aقصص-ابتسامة الوجه الشاحب
_914781
999 _aA4022
_c7590
_d7590